Word Ladder: Baseball Greats Quiz Stats

 Plays Quiz Updated May 18, 2016

Challenge
Share
Tweet
Embed
Score 0/12 Timer 01:30
2 Plays Today
Clue 4-Letter Word % Correct
One of the four corners of the infieldBASE
88.9%
☆ With first rung, #3 of the New York Yankees ☆☆ RUTH ☆
88.3%
Long rod of wood or metal, often used to hold a flagPOLE
87.6%
Deliberate way of standing, usually for a picturePOSE
87.6%
☆ With first rung, #14 of the Cincinnati Reds ☆☆ ROSE ☆
85.5%
☆ With last rung, 'The Sultan of Swat' ☆☆ BABE ☆
84.9%
Light in colorPALE
83.9%
To charge or move with urgencyRUSH
82.4%
Meat paste, in FrenchPÂTÉ
81.1%
☆ With last rung, 'Charlie Hustle' ☆☆ PETE ☆
79.4%
To strike hard and violently OR a social event or partyBASH
78.2%
Acting too hastily, without due considerationRASH
77.5%

Today's Daily Dose

You're not logged in!

Compare scores with friends on all Sporcle quizzes.
OR
Log In

You Might Also Like...

Show Comments

Extras

Top Quizzes Today


Score Distribution

Your Account Isn't Verified!

In order to create a playlist on Sporcle, you need to verify the email address you used during registration. Go to your Sporcle Settings to finish the process.

Report this User

Report this user for behavior that violates our Community Guidelines.

Details: